000 00227 a2200097 4500
001 14901
100 _aSeby John
245 _aA short history of south Africa
260 _aLondon
_bLondon George Allen
_c
090 _c11668
_d11668
942 _aNUST-CAE
_cM
_c1856
999 _c249974
_d249974